000 00574nam a2200181 i 4500
001 22009
003 ES-MaACL
005 20230906152604.0
007 t|
008 021129s1942 sp a |||| | spa d
100 1 _aAlfaro, José María,
_d1905-1994
_919803
245 1 0 _aLeoncio Pancorbo /
_cpor José María Alfaro ; ornamentación de A. Pacheco Picazo.
260 _aMadrid :
_bEd. Nacional,
_c1942 (
_fDiana Artes Gráficas)
300 _a172 p. :
_bil. ;
_c18 cm.
700 1 _aPacheco Picazo, A.
_988140
852 _aES-MaACL
_jB-9770
999 _c22009
_d22009